| 000 | 00345nam a2200133Ia 4500 | ||
|---|---|---|---|
| 005 | 20260328101517.0 | ||
| 008 | 260328s9999||||xx |||||||||||||| ||und|| | ||
| 100 | _aChombart de Lauwe, Paul Henry | ||
| 245 | 0 |
_aDes Hommes et Des villes / _cPaul Henry Chombart de Lauwe |
|
| 260 | _bPayot | ||
| 300 | _a250 p. | ||
| 650 | _aURBANISMO | ||
| 942 | _cBK | ||
| 999 |
_c9414 _d9414 |
||